000 00697cam a22002177a 4500
999 _c127778
_d127778
001 4212951
003 ARRUPE
005 20180326094150.0
008 850531s1981 fr 000 0 fre
010 _a 81156363
020 _a224961007X
040 _aDLC
_cDLC
_dDLC
050 0 0 _aBX382E92
100 1 _aEvdokimov, Paul,
_938886
245 1 3 _aLe buisson ardent /
_cPaul Evdokimov.
260 _aParis :
_bEditions P. Lethielleux,
_c1981.
300 _a175 p. ;
_c22 cm.
440 0 _aCollection Bible et vie chrétienne.
_pNouvelle série,
_x0224-8859
_940975
690 _aChristian life
_xOrthodox Estearn Church
_940976
906 _a7
_bcbc
_corignew
_du
_encip
_f19
_gy-gencatlg
942 _2lcc
_cMONOGRAPH